Luật kinh doanh (Luật kinh tế)
Sách trình bày những vấn đề lý luận chung đến nhưng vấn đề lý luận cụ thể trong từng lĩnh vực của môn khoa học này.
Gespeichert in:
| 1. Verfasser: | |
|---|---|
| Weitere Verfasser: | |
| Format: | Buch |
| Sprache: | Vietnamese |
| Veröffentlicht: |
H.
Thống kê
2002
|
| Schlagworte: | |
| Tags: |
Tag hinzufügen
Keine Tags, Fügen Sie den ersten Tag hinzu!
|
| Thư viện lưu trữ: | Thư viện Trường Đại học Nam Cần Thơ |
|---|
| LEADER | 00957nam a22002057a 4500 | ||
|---|---|---|---|
| 001 | NCT_52537 | ||
| 008 | 180928b xxu||||| |||| 00| 0 vie d | ||
| 999 | |c 2514 |d 2514 | ||
| 020 | |c 75000 | ||
| 082 | 0 | 4 | |2 23rd ed. |a 346.59707 |b Kh250 |
| 100 | 1 | |a Nguyễn Thị Khế | |
| 245 | 1 | 0 | |a Luật kinh doanh (Luật kinh tế) |c Nguyễn Thị Khế, Bùi Thị Khuyên |
| 260 | |a H. |b Thống kê |c 2002 | ||
| 300 | |a 749 tr. |c 20cm | ||
| 520 | |a Sách trình bày những vấn đề lý luận chung đến nhưng vấn đề lý luận cụ thể trong từng lĩnh vực của môn khoa học này. | ||
| 653 | |a Luật học | ||
| 700 | 1 | |a Bùi Thị Khuyên | |
| 942 | |2 ddc |c BK | ||
| 952 | |0 0 |1 0 |2 ddc |4 0 |6 346_597070000000000_KH250 |7 0 |9 14336 |a 000001 |b 000001 |d 2018-09-28 |l 1 |o 346.59707 Kh250 |p MD.02727 |r 2020-06-23 |s 2020-06-04 |v 75000.00 |w 2018-09-28 |y BK | ||
| 980 | |a Thư viện Trường Đại học Nam Cần Thơ | ||